| 000 | 01239nam a22003497a 4500 | ||
|---|---|---|---|
| 001 | 0002173 | ||
| 003 | KOHA_MİRAKIL | ||
| 005 | 20260207001305.0 | ||
| 007 | ta | ||
| 008 | 090219b2001 tu |||gr||||#||||0|tur | | ||
| 020 | _a9758431382 | ||
| 040 |
_aTR-BiSEU _btur _cTR-BiSEU _erda |
||
| 041 | 0 | _atur | |
| 044 | _ctu | ||
| 050 |
_aHF5548.32 _b.S54 2001 |
||
| 100 | 1 | _aSiegel, David. | |
| 240 | 1 | 0 |
_aFuturize your enterprise : business strategy in the age of the e-customer _lTürkçe |
| 245 | 1 |
_aŞirketinizi geleceğe taşıyın : _binternet toplumunda işletme stratejisi = _bFuturize your enterprise : _bbusiness strategy in the age of the e-customer/ _cDavid Siegel ; David Siegel; editör Kutluk Özgüven. |
|
| 264 | 1 |
_aİstanbul : _bLiteratür _c2001 |
|
| 300 | _aXI, 392 sayfa: resimli | ||
| 336 |
_ametin _btxt _2rdacontent |
||
| 337 |
_aaracısız _bn _2rdamedia |
||
| 338 |
_acilt _bnc _2rdacarrier |
||
| 490 | 1 |
_aLiteratür Yayınları ; _v59. |
|
| 500 | _aDizin var. | ||
| 650 | 0 |
_aElectronic commerce. _93152 |
|
| 650 | 0 |
_aInternet. _94392 |
|
| 650 | 0 |
_aWeb sites--Design. _91526 |
|
| 650 | 0 |
_aBusiness enterprises--Computer networks. _93179 |
|
| 830 | 1 |
_aLiteratür Yayınları ; _v59. _92203 |
|
| 942 |
_2lcc _cBK |
||
| 999 |
_c2160 _d2160 |
||